On This Day: November 19th Quiz Stats

 Plays Quiz Updated Nov 19, 2017

Challenge
Share
Tweet
Embed
Score 0/7 Timer 03:00
0 Plays Today
Question Answer Wrong Answers
US President Abraham Lincoln delivers this speech, one of the best-known in American history.
1863
Gettysburg Address
97%
Cross of Gold
0.5%
The Ballot or the Bullet
0.8%
I've Been to the Mountaintop
1.1%
The United States House of Representatives Judiciary Committee begins impeachment hearings against this US politician.
1998
Bill Clinton
93.1%
Al Gore
1.9%
Newt Gingrich
1.8%
Bob Dole
1.5%
This American actress, known for playing Clarice Starling in ‘The Silence of the Lambs’, is born.
1962
Jodie Foster
92.7%
Helen Hunt
1.6%
Julianne Moore
1.9%
Michelle Pfeiffer
2.3%
In Geneva, Switzerland, US President Ronald Reagan and this Soviet Union leader meet for the first time.
1985
Mikhail Gorbachev
88.2%
Boris Yeltsin
6.7%
Vladimir Putin
2.1%
Yuri Andropov
1.3%
This semi-monthly conservative editorial magazine publishes its first issue.
1955
National Review
64%
The Spectator
16.5%
The Nation
11.7%
Mother Jones
6.5%
Known as ‘The Malice at the Palace’, the worst brawl in ______ history takes place in Auburn Hills, Michigan.
2004
NBA
53.2%
MLB
4.5%
NHL
29.2%
NFL
11.2%
The United States and the Kingdom of Great Britain sign ______, which attempts to resolve some of the lingering problems left over from the American Revolutionary War.
1794
Jay's Treaty
47.3%
Washington’s Treaty
24.2%
Delaware's Treaty
16.4%
America's Treaty
12.1%

Today's Daily Dose

Missing Word
Animated TV Series

Word Ladder
Boston

Quick Pick
'H' Literature

On This Day
August 16th II

You're not logged in!

Compare scores with friends on all Sporcle quizzes.
Join for Free
OR
Log In

You Might Also Like...

Show Comments

Extras

Top Quizzes Today


Score Distribution

Your Account Isn't Verified!

In order to create a playlist on Sporcle, you need to verify the email address you used during registration. Go to your Sporcle Settings to finish the process.

Report this User

Report this user for behavior that violates our Community Guidelines.

Details: